|
|
|
|
| LEADER |
00000cam a2200000 7i4500 |
| 001 |
0000000273 |
| 008 |
021118n |
| 020 |
|
|
|a 0915586991
|
| 090 |
0 |
0 |
|a TD892
|b .T488 1986
|
| 100 |
0 |
|
|a Thumann, Albert
|e author
|
| 245 |
0 |
0 |
|a Fundamentals of noise control engineering
|c by Albert Thumann and Richard K. Miller
|
| 260 |
2 |
|
|a Atlanta, Ga.
|b The Fairmont Press ;
|a Englewood Cliffs, N. J.
|b Prentice-Hall
|c c1986
|
| 300 |
|
|
|a 287 p. ;
|c 24 cm.
|
| 650 |
|
0 |
|a Noise control
|
| 700 |
0 |
|
|a Miller, Richard K.
|q (Richard Kendall)
|d 1946-
|e author
|
| 999 |
|
|
|a 1000035536
|b Book
|c OPEN SHELF (30 DAYS)
|e Gong Badak Campus
|